| 000 | 00504nam a22001697a 4500 | ||
|---|---|---|---|
| 005 | 20250812113558.0 | ||
| 008 | 250812b |||||||| |||| 00| 0 eng d | ||
| 020 | _a9780670098576 | ||
| 041 | _aEng | ||
| 082 | _a338.5 SUB | ||
| 100 | _aSubramanian, Lakshmi | ||
| 245 | _aIndia Before The Ambanis: A History of Indian Business Money and Economy | ||
| 260 |
_aHaryana _bPenguin Business _c2024 |
||
| 300 | _a250;. p. 22 cm | ||
| 650 | _aManagerial Economics; Business Money and Economy | ||
| 942 | _cBK | ||
| 999 |
_c46458 _d46458 |
||